|
|
|
|
| LEADER |
00000nam#a22000001ab4500 |
| 001 |
00001604 |
| 003 |
AR-BaUAD |
| 005 |
20230908140747.0 |
| 008 |
940622s1975####sp#a|||##||||||||#||spa|d |
| 040 |
|
|
|a AR-BaUAD
|b spa
|c AR-BaUAD
|
| 041 |
|
|
|a spa
|
| 044 |
|
|
|c es
|2 ISO3166-1
|
| 100 |
1 |
|
|a Dent, Roger N.
|
| 245 |
1 |
0 |
|a Arquitectura neumática /
|c versión castellana Joan Vinyes
|
| 260 |
|
|
|a Barcelona :
|b Blume,
|c [1975]
|
| 300 |
|
|
|a 236 p., láms. :
|b il.
|
| 490 |
|
|
|a Nuevos caminos de la arquitectura
|
| 500 |
|
|
|a Tít. orig.: Principles of pneumatic architecture.
|
| 504 |
|
|
|a Bibliografía a final de cada capítulo.
|
| 653 |
|
|
|a ESTRUCTURAS
|
| 653 |
|
|
|a ESTRUCTURAS NEUMATICAS
|
| 655 |
|
|
|a TEXTO
|
| 852 |
|
|
|c 46-3
|
| 952 |
|
|
|0 0
|1 0
|4 0
|6 463
|7 0
|9 14562
|a AR-BaUAD
|b AR-BaUAD
|d 0000-00-00
|e donac. Liber
|g 7000.00
|i 1604
|l 0
|o 46-3
|p 7id2g1604
|r 2023-09-08 14:07:47
|w 2023-09-08
|y BK
|
| 952 |
|
|
|0 0
|1 0
|4 0
|7 0
|9 14563
|a AR-BaUAD
|b AR-BaUAD
|d 0000-00-00
|e compra Técnica
|g 13100.00
|i p.2-48
|l 0
|p 78so2p.2-48
|r 2023-09-08 14:07:47
|w 2023-09-08
|y BK
|
| 990 |
|
|
|a Ej. No1 : 1604 . 7/10/1977 -- donac. Liber -- (7000 pesos).
|b ADM
|
| 990 |
|
|
|a Ej. No2 : p.2-48 . 19/12/1978 -- compra Técnica -- (13100 pesos).
|b ADM
|
| 990 |
|
|
|a CO197
|b TD
|
| 990 |
|
|
|a AAQ00001604
|b CC
|
| 998 |
|
|
|a AAQ
|b Bibun 76
|
| 942 |
|
|
|c BK
|
| 999 |
|
|
|c 6316
|d 6316
|